Communes du Luxembourg (Belgique) - Statistiques

Statistiques générales
  • Ce quiz a été pris 1 364 fois
    737 depuis la dernière actualisation
  • Le résultat moyen est 24 sur 43
Réponses sur la Carte
Les réponses sont colorées sur une échelle allant du rouge au vert en fonction du pourcentage des utilisateurs qui les ont devinées à leur premier essai. Vous pouvez retrouver ces pourcentages ci-dessous.
 
Statistiques - réponses
Réponse % Correct
Arlon
96%
Bastogne
91%
Virton
82%
Libramont-Chevigny
76%
Marche-en-Famenne
76%
Bouillon
71%
Durbuy
70%
Neufchâteau
70%
Florenville
66%
Habay
65%
Bertrix
62%
Martelange
61%
Aubange
60%
Houffalize
60%
La-Roche-en-Ardenne
59%
Messancy
59%
Saint-Hubert
57%
Vielsalm
57%
Attert
56%
Chiny
55%
Léglise
55%
Gouvy
53%
Hotton
53%
Libin
53%
Wellin
53%
Paliseul
52%
Meix-devant-Virton
51%
Tintigny
51%
Etalle
50%
Tellin
50%
Vaux-sur-Sûre
50%
Manhay
47%
Nassogne
47%
Sainte-Ode
47%
Herbeumont
46%
Tenneville
46%
Fauvillers
45%
Musson
45%
Saint-Léger
45%
Erezée
43%
Rouvroy
41%
Daverdisse
40%
Rendeux
36%
Aucun quiz correspondant
Distribution des résultats
% des personnes avec chaque résultat
Percentile par nombre de réponses
Votre historique - résultats
Vous n’avez pas pris ce quiz depuis la dernière actualisation